| 000 | 00905nmc a2200313 a 4500 | ||
|---|---|---|---|
| 003 | AR-X00000XY | ||
| 005 | 20251128211906.0 | ||
| 008 | 317020s1997 ||||||||||||||000 | spa|| | ||
| 020 | _a958-30-0408-1 | ||
| 040 | _cAR-X00000XY | ||
| 100 | 1 |
_aMistral, Gabriela _d1889-1957 |
|
| 245 | 1 | 0 |
_aGabriela Mistral _b; Juana de Ibarbourou; Alfonsina Storni |
| 250 | _a1ª ed. | ||
| 260 |
_aSantafé de Bogotá _bPanamericana _c1997 |
||
| 300 | 0 | _a50 p. | |
| 490 | 0 | _aCuadernillos de poesía | |
| 500 | 0 | _aDonación de la Embajada de Colombia en Buenos Aires | |
| 650 | 4 | _aLITERATURA LATINOAMERICANA | |
| 650 | 4 | _aANTOLOGIAS | |
| 650 | 4 | _aPOESIA | |
| 650 | 4 | _aESCRITORES | |
| 650 | 4 | _aLITERATURA CONTEMPORANEA | |
| 655 | _aLITERATURA | ||
| 700 | _aIbarbourou, Juana de | ||
| 700 | 1 | _aStorni, Alfonsina | |
| 700 | 1 |
_aHernández, Carlos Nicolás _eselección |
|
| 942 | _cBK | ||
| 998 | _cNancy | ||
| 999 |
_c21505 _d21505 |
||